000 00304nam a2200157Ia 4500
100 _aDavid Robin
942 _cBK
366 _f17.5
654 _afear
245 _aCity of Fear
260 _bPenquin books
_c2007
082 _a302.17/DAV
_bDAV
300 _a319
546 _aENGLISH
999 _c17785
_d17785